[Event "FRA-ch U18 Girls"]
[Site "Agen"]
[Date "2022.04.24"]
[Round "8"]
[White "Tomasi, Elise"]
[Black "Randrianarimanana, Alicia"]
[Result "1-0"]
[WhiteElo "2000"]
[BlackElo "2033"]
[PlyCount "81"]
[EventDate "2022.04.16"]
[EventType "swiss"]
[EventRounds "9"]
[EventCountry "FRA"]
[SourceTitle "EXT 2023"]
[Source "ChessBase"]
[SourceDate "2022.10.05"]
[SourceVersion "1"]
[SourceVersionDate "2022.10.05"]
[SourceQuality "1"]

1. d4 Nf6 2. Nf3 g6 3. g3 Bg7 4. Bg2 0-0 5. 0-0 d6 6. a4 Nbd7 7. a5 a6 8. c4 e5 9. dxe5 dxe5 10. Nc3 c6 11. Qc2 Qc7 12. b3 Re8 13. Bb2 b6 14. axb6 Qxb6 15. Na4 Qc7 16. Rfd1 h6 17. c5 Rb8 18. Nd2 Bf8 19. Ba3 Nd5 20. Nc4 N7f6 21. Nd6 Rd8 22. Rab1 a5 23. Qb2 Qe7 24. Qd2 Qa7 25. Qb2 Ng4 26. e4 Nde3 27. fxe3 Bxd6 28. Qc3 Be7 29. Rxd8+ Bxd8 30. h3 Nf6 31. Qxe5 Be6 32. Nb6 Qc7 33. Bb2 Bxb3 34. Qxc7 Bxc7 35. Bxf6 a4 36. Bd4 Bxg3 37. e5 Rb7 38. Nxa4 Rb4 39. Nb6 Bh4 40. Bxc6 Bd8 41. Bd5 1-0

[Event "FRA-ch U18 Girls"]
[Site "Agen"]
[Date "2022.04.19"]
[Round "4"]
[White "Courjal, Pauline"]
[Black "Randrianarimanana, Alicia"]
[Result "1-0"]
[WhiteElo "1959"]
[BlackElo "2033"]
[PlyCount "57"]
[EventDate "2022.04.16"]
[EventType "swiss"]
[EventRounds "9"]
[EventCountry "FRA"]
[SourceTitle "EXT 2023"]
[Source "ChessBase"]
[SourceDate "2022.10.05"]
[SourceVersion "1"]
[SourceVersionDate "2022.10.05"]
[SourceQuality "1"]

1. e4 c5 2. Nf3 Nc6 3. d4 cxd4 4. Nxd4 Nf6 5. Nc3 g6 6. Be3 d6 7. f3 Bg7 8. Qd2 0-0 9. 0-0-0 d5 10. Qe1 e5 11. Nxc6 bxc6 12. exd5 Nxd5 13. Bb5 Bd7 14. Nxd5 cxb5 15. h4 Rc8 16. h5 Bf5 17. c3 b4 18. g4 Be6 19. Nb6 Qc7 20. Nxc8 Rxc8 21. hxg6 bxc3 22. gxh7+ Kh8 23. b4 Qc4 24. Qh4 Qxb4 25. Rd8+ Rxd8 26. Qxd8+ Bf8 27. Qf6+ Bg7 28. Qxg7+ Kxg7 29. h8Q+ 1-0

[Event "FRA-ch U18 Girls"]
[Site "Agen"]
[Date "2022.04.18"]
[Round "3"]
[White "Randrianarimanana, Alicia"]
[Black "Sumarriva Paulin, Laura"]
[Result "1/2-1/2"]
[WhiteElo "2033"]
[BlackElo "1916"]
[PlyCount "75"]
[EventDate "2022.04.16"]
[EventType "swiss"]
[EventRounds "9"]
[EventCountry "FRA"]
[SourceTitle "EXT 2023"]
[Source "ChessBase"]
[SourceDate "2022.10.05"]
[SourceVersion "1"]
[SourceVersionDate "2022.10.05"]
[SourceQuality "1"]

1. d4 d5 2. Nf3 c5 3. e3 Nc6 4. b3 cxd4 5. exd4 Bg4 6. Be2 e6 7. Bb2 Bd6 8. 0-0 Nf6 9. Ne5 Bxe2 10. Qxe2 0-0 11. c4 Rc8 12. Nd2 Bb8 13. Ndf3 Qd6 14. c5 Qe7 15. Nxc6 bxc6 16. b4 Ne4 17. Rfe1 Qc7 18. g3 Qb7 19. Ba3 f6 20. Nd2 Nxd2 21. Qxd2 e5 22. Bb2 e4 23. Re3 Qd7 24. f4 exf3 25. Rxf3 Qg4 26. Kg2 Rfe8 27. Re1 Kf7 28. Rfe3 Qg5 29. Qe2 Rxe3 30. Qxe3 Qxe3 31. Rxe3 Re8 32. Rxe8 Kxe8 33. a4 a6 34. Kf3 Ke7 35. Bc1 Ke6 36. h4 g6 37. Bf4 Bxf4 38. Kxf4 1/2-1/2

[Event "Cappelle Online Blitz op"]
[Site "Europe Echecs INT"]
[Date "2021.03.07"]
[Round "5"]
[White "Randrianarimanana, Alicia"]
[Black "Mallevaey, Armand"]
[Result "1-0"]
[WhiteElo "1971"]
[BlackElo "1692"]
[PlyCount "59"]
[EventDate "2021.03.07"]
[EventType "swiss (blitz)"]
[EventRounds "11"]
[EventCountry "FRA"]
[SourceTitle "CBM 201 Extra"]
[Source "ChessBase"]
[SourceDate "2021.05.31"]
[SourceVersion "1"]
[SourceVersionDate "2021.05.31"]
[SourceQuality "1"]

1. d4 d5 2. Nf3 Nf6 3. e3 Bg4 4. c4 c6 5. Nc3 dxc4 6. Bxc4 e6 7. 0-0 Nbd7 8. h3 Bxf3 9. Qxf3 Qc7 10. e4 Bb4 11. Bf4 Qb6 12. Rfd1 0-0-0 13. a3 Bxc3 14. bxc3 Qa5 15. Rdb1 b5 16. Be2 Nb6 17. Bg3 Rd7 18. Qf4 Rb7 19. Rb4 Na4 20. c4 Nc3 21. Bd3 bxc4 22. Rxb7 Kxb7 23. Bxc4 Nb5 24. a4 Qc3 25. Rc1 Qxd4 26. axb5 Nxe4 27. bxc6+ Kxc6 28. Bd3+ Kd5 29. Bxe4+ Qxe4 30. Qd6# 1-0

[Event "Cappelle Online Blitz op"]
[Site "Europe Echecs INT"]
[Date "2021.03.07"]
[Round "10"]
[White "Roussat, Fabien"]
[Black "Randrianarimanana, Alicia"]
[Result "0-1"]
[WhiteElo "1681"]
[BlackElo "1971"]
[PlyCount "50"]
[EventDate "2021.03.07"]
[EventType "swiss (blitz)"]
[EventRounds "11"]
[EventCountry "FRA"]
[SourceTitle "CBM 201 Extra"]
[Source "ChessBase"]
[SourceDate "2021.05.31"]
[SourceVersion "1"]
[SourceVersionDate "2021.05.31"]
[SourceQuality "1"]

1. e4 c5 2. Nf3 d6 3. d4 cxd4 4. Nxd4 Nf6 5. Nc3 g6 6. f4 Nc6 7. Nxc6 bxc6 8. Qe2 Bg7 9. e5 dxe5 10. fxe5 Ng4 11. Bf4 Qa5 12. 0-0-0 0-0 13. Re1 Be6 14. h3 Nh6 15. g4 Bxa2 16. Qe3 Rfd8 17. Bxh6 Bd5 18. Rg1 Qa1+ 19. Nb1 Ba2 20. Bd3 Qxb1+ 21. Kd2 Qxb2 22. Bxg7 Kxg7 23. h4 Qb4+ 24. Kd1 c5 25. Qf4 c4 0-1

[Event "Cappelle Online Bullet op"]
[Site "Europe Echecs INT"]
[Date "2021.03.05"]
[Round "12"]
[White "Farthouat, Titoine"]
[Black "Randrianarimanana, Alicia"]
[Result "1-0"]
[WhiteElo "1652"]
[BlackElo "1971"]
[PlyCount "85"]
[EventDate "2021.03.05"]
[EventType "swiss (blitz)"]
[EventRounds "15"]
[EventCountry "FRA"]
[SourceTitle "EXT 2022"]
[Source "ChessBase"]
[SourceDate "2021.10.06"]
[SourceVersion "1"]
[SourceVersionDate "2021.10.06"]
[SourceQuality "1"]

1. e4 c5 2. Nf3 d6 3. d4 cxd4 4. Nxd4 Nf6 5. Nc3 g6 6. Be3 Bg7 7. Be2 0-0 8. 0-0 Nc6 9. f4 Bd7 10. Bf3 a6 11. Qd2 Rb8 12. a3 b5 13. Rad1 b4 14. axb4 Rxb4 15. Nxc6 Bxc6 16. Nd5 Bxd5 17. Qxb4 Bc6 18. e5 Nd7 19. Bxc6 Qc7 20. Bxd7 Qxd7 21. exd6 e6 22. Bc5 Rc8 23. c3 Qc6 24. Bd4 Qd7 25. Bxg7 Kxg7 26. Qd4+ f6 27. c4 Rc6 28. c5 Rc8 29. b4 Rc6 30. Ra1 Kf7 31. Rfd1 Kg7 32. Re1 Kf7 33. Qe4 f5 34. Qd4 h5 35. Qe5 Qe8 36. Rad1 Qd7 37. Qd4 Rc8 38. Qe5 Rc6 39. b5 axb5 40. Rb1 Rc8 41. Rb2 Rb8 42. Reb1 Rb7 43. Qd4 1-0

[Event "FRA-ch Blitz Online Qual"]
[Site "Europe Echecs INT"]
[Date "2020.05.16"]
[Round "6"]
[White "Guillemart, Serge"]
[Black "Randrianarimanana, Alicia"]
[Result "1-0"]
[WhiteElo "2107"]
[BlackElo "1971"]
[PlyCount "43"]
[EventDate "2020.05.16"]
[EventType "swiss (blitz)"]
[EventRounds "15"]
[EventCountry "FRA"]
[SourceTitle "CBM 196 Extra"]
[Source "ChessBase"]
[SourceDate "2020.07.31"]
[SourceVersion "1"]
[SourceVersionDate "2020.07.31"]
[SourceQuality "1"]

1. e4 c5 2. Nf3 d6 3. c3 Nf6 4. h3 g6 5. d4 Nxe4 6. Bd3 Nf6 7. 0-0 Bg7 8. Re1 0-0 9. Bg5 h6 10. Bxf6 Bxf6 11. dxc5 dxc5 12. Qe2 Nc6 13. Na3 a6 14. Rad1 Qc7 15. Qe3 Bg7 16. Qxc5 Be6 17. Bxg6 Bxa2 18. Be4 Bb3 19. Rd2 Rac8 20. Qf5 f6 21. Qh7+ Kf7 22. Bg6# 1-0

[Event "FRA-ch Blitz Online Qual"]
[Site "Europe Echecs INT"]
[Date "2020.05.16"]
[Round "9"]
[White "Randrianarimanana, Alicia"]
[Black "Lardon, Quentin"]
[Result "0-1"]
[WhiteElo "1971"]
[BlackElo "2013"]
[PlyCount "60"]
[EventDate "2020.05.16"]
[EventType "swiss (blitz)"]
[EventRounds "15"]
[EventCountry "FRA"]
[SourceTitle "CBM 196 Extra"]
[Source "ChessBase"]
[SourceDate "2020.07.31"]
[SourceVersion "1"]
[SourceVersionDate "2020.07.31"]
[SourceQuality "1"]

1. d4 d5 2. c4 e6 3. Nc3 g6 4. Bf4 c6 5. e3 Bg7 6. Nf3 Ne7 7. Bd3 0-0 8. 0-0 dxc4 9. Bxc4 Nd5 10. Bg3 Nd7 11. e4 Nxc3 12. bxc3 Nf6 13. Qd3 a5 14. Rad1 a4 15. a3 Qe7 16. Ra1 b5 17. Ba2 Ba6 18. e5 Nd5 19. Bxd5 cxd5 20. Qe3 b4 21. cxb4 Bxf1 22. Rxf1 Rac8 23. Bh4 Qd7 24. Ne1 Qb5 25. Nd3 Rc3 26. Rd1 Rfc8 27. Be7 Rxd3 28. Qxd3 Qxd3 29. Rxd3 Rc1+ 30. Rd1 Rxd1# 0-1

[Event "Wch U14 Girls"]
[Site "Porto Carras"]
[Date "2018.10.30"]
[Round "11.11"]
[White "Caglar, Sila"]
[Black "Randrianarimanana, Alicia"]
[Result "1-0"]
[WhiteElo "2184"]
[BlackElo "1947"]
[PlyCount "71"]
[EventDate "2018.10.20"]
[EventType "swiss"]
[EventRounds "11"]
[EventCountry "GRE"]
[SourceTitle "CBM 187 Extra"]
[Source "ChessBase"]
[SourceDate "2018.11.04"]
[SourceVersion "1"]
[SourceVersionDate "2018.11.04"]
[SourceQuality "1"]

1. e4 c5 2. Nf3 Nf6 3. Nc3 Nc6 4. d4 d5 5. e5 Ne4 6. dxc5 Nxc3 7. bxc3 Bg4 8. Bf4 Qa5 9. Qd3 e6 10. Rb1 Qc7 11. Nd4 a6 12. Qg3 Bh5 13. Nb3 Bg6 14. Bd3 Ne7 15. h4 Nf5 16. Qf3 h5 17. Nd4 Ne7 18. 0-0 Bxd3 19. cxd3 Ng6 20. Qg3 Nxf4 21. Qxf4 Bxc5 22. Nf3 b5 23. a4 bxa4 24. Qxa4+ Kf8 25. Rb3 g6 26. Rfb1 Kg7 27. Rb7 Qc8 28. d4 Bxd4 29. Qxd4 Rf8 30. Ng5 Kg8 31. Qf4 Qe8 32. Qf6 Qd8 33. Re7 Qxe7 34. Qxe7 a5 35. Rb7 a4 36. Nxf7 1-0

[Event "Wch U14 Girls"]
[Site "Porto Carras"]
[Date "2018.10.22"]
[Round "4"]
[White "Randrianarimanana, Alicia"]
[Black "Zhou, Iris"]
[Result "0-1"]
[WhiteElo "1947"]
[BlackElo "1779"]
[PlyCount "64"]
[EventDate "2018.10.20"]
[EventType "swiss"]
[EventRounds "11"]
[EventCountry "GRE"]
[SourceTitle "CBM 187 Extra"]
[Source "ChessBase"]
[SourceDate "2018.11.04"]
[SourceVersion "1"]
[SourceVersionDate "2018.11.04"]
[SourceQuality "1"]

1. e4 c5 2. d3 Nc6 3. g3 g6 4. Bg2 Bg7 5. f4 d6 6. Nf3 e5 7. 0-0 Nge7 8. c3 0-0 9. Be3 b6 10. Na3 Be6 11. d4 cxd4 12. cxd4 exd4 13. Nxd4 Nxd4 14. Bxd4 Bxd4+ 15. Qxd4 d5 16. e5 Nf5 17. Qd2 h5 18. Rfd1 Qe7 19. Rac1 Rac8 20. Nc2 Kg7 21. Nd4 Nxd4 22. Qxd4 Rc4 23. Qd3 Qc5+ 24. Kf1 Rxc1 25. Bf3 Rxd1+ 26. Bxd1 Bh3+ 27. Ke1 Qg1+ 28. Kd2 Rc8 29. Qxd5 Qf2+ 30. Be2 Bg4 31. Qd3 Bxe2 32. Qxe2 Rc2+ 0-1

[Event "EU Union-ch U14 16th"]
[Site "Mureck"]
[Date "2018.08.07"]
[Round "7"]
[White "Randrianarimanana, Alicia"]
[Black "Kristoferitsch, Daniel"]
[Result "1-0"]
[WhiteElo "1905"]
[BlackElo "1982"]
[PlyCount "131"]
[EventDate "2018.08.01"]
[EventType "swiss"]
[EventRounds "9"]
[EventCountry "AUT"]
[SourceTitle "CBM 186 Extra"]
[Source "ChessBase"]
[SourceDate "2018.08.24"]
[SourceVersion "1"]
[SourceVersionDate "2018.08.24"]
[SourceQuality "1"]

1. c4 Nf6 2. Nc3 c5 3. g3 Nc6 4. Bg2 g6 5. e3 Bg7 6. Nge2 0-0 7. 0-0 d6 8. d4 Rb8 9. b3 Bd7 10. Bb2 a6 11. Rc1 b6 12. Qd2 Qc7 13. Rfd1 Qa7 14. Nd5 Nxd5 15. cxd5 Nd8 16. e4 Nb7 17. f4 a5 18. e5 a4 19. b4 Rfc8 20. a3 cxb4 21. axb4 Nd8 22. h3 Bf8 23. g4 f6 24. Ng3 Be8 25. Ne4 Kg7 26. Kh2 Nf7 27. e6 Nd8 28. Nf2 Qb7 29. Qe2 Ra8 30. Ra1 Rc7 31. Rdc1 Rac8 32. Rxc7 Qxc7 33. Rc1 Qb7 34. Rc2 Qa8 35. Ba3 Qb7 36. Qd1 Bb5 37. Qc1 Ba6 38. Rxc8 Qxc8 39. Qxc8 Bxc8 40. b5 Nb7 41. Bb4 a3 42. Bxa3 Na5 43. Nd1 Nb3 44. Bb2 Bb7 45. Ne3 Na5 46. Kg3 Kg8 47. f5 Bh6 48. Nd1 Bd2 49. Kf2 Kf8 50. Ke2 Bf4 51. Nc3 Ke8 52. Na4 Nc4 53. Ba1 Kd8 54. Kd3 Ne3 55. Bf3 Kc7 56. Nc3 g5 57. Bb2 Kd8 58. Bc1 Bxd5 59. Bxd5 Nxd5 60. Nxd5 Bxc1 61. Nxb6 Bb2 62. Nd5 Ba3 63. b6 Kc8 64. Nxe7+ Kb7 65. Ng8 Kxb6 66. e7 1-0